000 00548nam a2200205Ia 4500
003 OSt
005 20260224114108.0
008 210210b1924 xxu||||| |||| 00| 0 eng d
040 _cAL
041 _aHindi
082 _a861/101
100 _aKISHORE (Raghuraja) Ed
_dरघुराज किशोर
_9256498
245 _aMahakavi akbar
_bमहाकवि अकबर
260 _aIllAhAbAd
_b-
_c1924
650 _aMahakavi
_9256499
650 _aakbar
_9256500
690 _aHindi Poetry
_9256501
906 _a023121
942 _2ddc
_cBK
999 _c148023
_d148023